000 00652nam a2200181 i 4500
001 88624
003 ES-MaACL
007 t|
008 050105s1916 fr ||||1| fre d
100 1 _aLanessan, Jean-Louis de.
_9182990
245 1 0 _aHistoire de l'entente cordiale Franco-Anglaise
_b: les relations de la France et l'Anglaterre depuñis le XVIe siecle jusguía a nos jours /
_cpar J.L. de Lanessan.
260 _aParis :
_bF. Alcan,
_c1916.
300 _aXII, 910 p. ;
_c19 cm.
490 1 _aBibliothèque d'histoire contemporaine
830 0 _aBibliothèque d'histoire contemporaine
_9180875
852 _aES-MaACL
_jG-7259
999 _c88624
_d88624